| 000 | 01017nam a2200277 a 4500 | ||
|---|---|---|---|
| 001 | 24549 | ||
| 003 | CO-ViMGA | ||
| 005 | 20230915232006.0 | ||
| 008 | 141112s2004 ck r 000 u spa d | ||
| 020 | _a849644807X | ||
| 040 |
_aCO-ViMGA _bspa _cCO-ViMGA |
||
| 041 | _aspa | ||
| 043 | _as - ag - - - | ||
| 082 | 0 | 4 | _aMUTm |
| 100 | 1 |
_aMuttini, Pablo. _936521 |
|
| 245 | 1 | 0 |
_aMonstruos en la noche / _ctextos Pablo Muttini ; ilustraciones Andrea Rodríguez Vidal. |
| 260 |
_aMontevideo : _bHandenville : _bNicanitasantiago, _c[2007?]. |
||
| 300 | _a[20] p. : il. ; 24 cm. | ||
| 490 | _aCuentos cortos que duran toda la vida | ||
| 521 | _aRecomendado para niños a partir de 4 años. | ||
| 650 | 1 | 4 |
_aLibros ilustrados para niños. _92001 |
| 700 | 1 |
_aRodríguez Vidal, Andrea, il. _936522 |
|
| 942 |
_2ddc _cBK |
||
| 949 | _an n | ||
| 999 |
_c32375 _d32375 |
||